MARC-Details
| 000 -Satzkennung |
| Kontrollfeld mit fester Länge |
02397nam a22004573i 4500 |
| 001 - Kontrollnummer |
| Kontrollfeld |
EBC32638145 |
| 003 - Kontrollnummer Identifier |
| Kontrollfeld |
MiAaPQ |
| 005 - Datum und Zeit der letzten Transaktion |
| Kontrollfeld |
20260416173615.0 |
| 007 - Feld mit fester Länge zur physischen Beschreibung - Allgemeine Information |
| Kontrollfeld mit fester Länge |
cr cnu|||||||| |
| 008 - Feld mit fester Länge zur physischen Beschreibung - Allgemeine Angaben |
| Kontrollfeld mit fester Länge |
260416s2026 xx o ||||0 ger d |
| 020 ## - Internationale Standardbuchnummer |
| Internationale Standardbuchnummer |
9783406846410 |
| Nähere Angaben |
(electronic bk.) |
| 020 ## - Internationale Standardbuchnummer |
| Gelöschte/ungültige ISBN |
9783406846397 |
| 040 ## - Katalogisierungsquelle |
| Original-Katalogisierungsstelle |
MiAaPQ |
| Katalogisierungssprache |
eng |
| Übertragungsstelle |
MiAaPQ |
| 050 #4 - Signatur der Library of Congress |
| -- |
Generated by AI. |
| 082 0# - Notation nach der Dewey Decimal Classification |
| -- |
Generated by AI. |
| 100 1# - Haupteintragung - Personenname |
| Personenname |
Nassehi, Armin. |
| Koha-Normdatenidentnummer |
22144 |
| 245 10 - Titel |
| Titel |
Anmerkungen Zum Antisemitismus : |
| Zusatz zum Titel |
Die Funktion der Judenfeindschaft und das Westliche Selbstverhältnis. |
| 250 ## - Ausgabebezeichnung |
| Ausgabebezeichnung |
1st ed. |
| 264 #1 - Produktion, Veröffentlichung, Distribution, Herstellung und Urheberrechtsvermerk |
| Herstellungs-, Veröffentlichungs- Vertriebs-, Erzeugungsort |
München : |
| Produzent, Herausgeber, Distributor, Hersteller |
C.H. Beck, |
| Datum der Herstellung, der Veröffentlichung, des Vertriebs oder des Urheberschutzvermerks |
2026. |
| 264 #4 - Produktion, Veröffentlichung, Distribution, Herstellung und Urheberrechtsvermerk |
| Datum der Herstellung, der Veröffentlichung, des Vertriebs oder des Urheberschutzvermerks |
{copy}2026. |
| 300 ## - Physische Beschreibung |
| Umfang |
1 online resource (239 pages) |
| 336 ## - Inhaltstyp |
| Inhaltstypterm |
Text |
| Inhaltstypcode |
txt |
| Quelle |
rdacontent |
| 337 ## - Medientyp |
| Bezeichnung des Medientyps |
Computermedien |
| Medientypcode |
c |
| Quelle |
rdamedia |
| 338 ## - Datenträgertyp |
| Datenträgertypbezeichnung |
Online Resource |
| Datenträgertypcode |
cr |
| Quelle |
rdacarrier |
| 341 0# - |
| -- |
Inaccessible, or known limited accessibility |
| -- |
onix |
| 500 ## - Allgemeine Fußnote |
| Allgemeine Fußnote |
E-Book-ProQuest / Fernzugriff nach Registrierung möglich |
| 505 0# - Fußnote zu strukturierten Inhaltsangaben |
| Fußnote zu strukturierten Inhaltsangaben |
Cover -- Titel -- Impressum -- Inhaltsverzeichnis -- Präliminarien -- Erstens: Einleitung: Warum die Juden? -- Zweitens: Welche Frage? -- Drittens: Problem und Lösung -- Viertens: Wagner: Mensch werden I -- Fünftens: Marx: Mensch werden II -- Sechstens: Schmitt: Authentisch und intensiv werden -- Siebtens: Selbstverhältnisse -- Achtens: Die Gefahrlosigkeit der antisemitischen Rede -- Neuntens: Authentischer Selbsthass -- Anmerkungen -- Zum Buch -- Vita. |
| 520 ## - Fußnote zu Zusammenfassungen usw. |
| Fußnote zur Zusammenfassung usw. |
Antisemitische Denkfiguren, Chiffren, Symbole und Taten erfahren derzeit eine erhebliche Sichtbarkeit - was nicht nur mit dem Terrorangriff der Hamas auf Israel im Jahre 2023 und den militärischen und politischen Folgen dieses Ereignisses zu tun hat. |
| 653 ## - Indexierungsterm - Nicht normiert |
| Nicht-normierter Term |
Civilization, Western. |
| 653 ## - Indexierungsterm - Nicht normiert |
| Nicht-normierter Term |
Antisemitism. |
| 655 ## - Indexierungsterm - Genre/Form |
| Genre/Form oder fokussierter Term |
Fernzugriff |
| Koha-Normdatenidentnummer |
230 |
| 655 #4 - Indexierungsterm - Genre/Form |
| Genre/Form oder fokussierter Term |
|
| 600 14 - Nebeneintragung unter einem Schlagwort - Personenname |
| Personenname |
Wagner, Richard, 1813-1883 |
| -- |
Generated by AI. |
| Koha-Normdatenidentnummer |
48138 |
| 600 14 - Nebeneintragung unter einem Schlagwort - Personenname |
| Personenname |
Marx, Karl, 1818-1883 |
| -- |
Generated by AI. |
| Koha-Normdatenidentnummer |
336 |
| 600 14 - Nebeneintragung unter einem Schlagwort - Personenname |
| Personenname |
Schmitt, Carl, 1888-1985 |
| -- |
Generated by AI. |
| Koha-Normdatenidentnummer |
61789 |
| 650 #0 - Nebeneintragung unter einem Schlagwort - Sachschlagwort |
| -- |
Generated by AI. |
| 650 #0 - Nebeneintragung unter einem Schlagwort - Sachschlagwort |
| -- |
Generated by AI. |
| 776 08 - Andere physische Form |
| Verweisungsphrase |
Print version: |
| Haupteintragung |
Nassehi, Armin |
| Titel |
Anmerkungen Zum Antisemitismus |
| Ort, Verlag und Erscheinungsjahr |
München : C.H. Beck,c2026 |
| Internationale Standardbuchnummer |
9783406846397 |
| 856 40 - Elektronische Adresse und Zugriff |
| URL |
<a href="https://ebookcentral.proquest.com/lib/maxweberstiftung-ebooks/detail.action?docID=32638145">https://ebookcentral.proquest.com/lib/maxweberstiftung-ebooks/detail.action?docID=32638145</a> |
| OPAC-Notiz |
Volltext |
| 942 ## - Zusätzliche Felder (Koha) |
| Koha-Medientyp |
E-Books |